Normal view
MARC view
Entry Personal Name
001 - CONTROL NUMBER
- control field: 17467
003 - CONTROL NUMBER IDENTIFIER
- control field: BD-RjUL
005 - DATE AND TIME OF LATEST TRANSACTION
- control field: 20251203124321.0
008 - FIXED-LENGTH DATA ELEMENTS
- fixed length control field: 251203|| aca||aabn | a|a d
040 ## - CATALOGING SOURCE
- Original cataloging agency: BD-RjUL
- Transcribing agency: BD-RjUL
100 ## - HEADING--PERSONAL NAME
- Personal name: Storr, Francis,
- Dates associated with a name: 1839-1919
670 ## - SOURCE DATA FOUND
- Source citation: Work cat.: (BD-RjUL)21722: Sophocles. 67072, Sophocles / Volume 2 : Oedipus the King Oedipus at Colonus Antigone, [Reprinted 1951].